Responses for Show #1850 - Friday, September 25, 1992

Contestants

[<< previous game]

Judy Deck, an attorney from Kenner, Louisiana

Tom Hughes, a magazine editor from Upper Jay, New York

Marty Brophy, a physicist from Urbana, Illinois (whose 2-day cash winnings total $17,801)

[next game >>]

Jeopardy! Round responses

BIRDS
SPORTS FIGURES
HOUSEWARES
LANDMARKS
THE PARANORMAL
LETTER PERFECT
    $100 12
a woodpecker

Marty
    $100 2
Lee Trevino

Judy
    $100 10
Teflon

Marty
    $100 4
the Reflecting Pool

Marty
    $100 1
witches

Tom
    $100 3
I

Marty
    $200 13
canaries

Tom
    $200 6
bowling

Judy
    $200 24
Betty Crocker

Tom
    $200 25
(Marty: What is the British Museum?)

Westminster Abbey

MartyTom
    $200 20
crystal balls

Tom
    $200 16
C

Judy
    $300 14
a swan

Tom
    $300 7
Mary Lou Retton

Judy
    $300 28
the blender

Tom
    $300 5
Rome

Triple Stumper
    $300 21
an eye

Judy
    $300 17
Z

Tom
    $400 15
(Tom: What are ostriches?)

emus

TomJudy
    $400 8
Maureen Connolly

Judy
    $400 29
an iron

Marty
    $400 26
the War of 1812

Judy
    $400 22
telepathy

Judy
    $400 18
(Alex: For east.)

E

Tom
    $500 27
the Maori

Marty
    $500 9
(Kristi) Yamaguchi

Marty
    $500 30
a coffee maker

Judy
    $500 11
(Alex: You know it better as Sacre Coeur and it's in [*].)

Montmartre

Triple Stumper
    $700 23
occult

Judy
    $500 19
D

Marty

Scores at the first commercial break (after clue 15):

Marty Tom Judy
$900 $200 $1,400

Scores at the end of the Jeopardy! Round:

Marty Tom Judy
$2,100 $1,800 $3,900

Double Jeopardy! Round responses

COLONIAL AMERICANS
RIVERS
BOOKS & AUTHORS
PLANTS
NEWSPAPERS
DANCE COMPANIES
    $200 9
William Penn

Judy
    $200 2
(Marty: What is the Yellow River?)

the Yangtze

MartyTom
    $200 1
Lady Chatterley

Marty
    $200 4
peat moss

Tom
    $200 6
the L.A. Times

Tom
    $200 26
the American Ballet Theatre

Judy
    $400 8
Roger Williams

Marty
    $400 13
Shannon

Judy
    $400 3
(Daphne) du Maurier

Marty
    $400 5
the rose

Tom
    $400 7
The Christian Science Monitor

Marty
    $400 27
Jose

Tom
    $600 10
John Smith

Marty
    $600 12
the Po

Marty
    $600 17
World War II

Tom
    $600 20
the cabbage

Tom
    $600 14
the Detroit Free Press

Judy
    $600 28
Dance Theatre of Harlem

Tom
    $800 23
(James) Oglethorpe

Tom
    $800 11
Thailand

Marty
    $800 18
The Leopard

Tom
    $1,400 21
the rubber plant

Tom
    $800 15
The Kansas City Star

Tom
    $600 29
(Tom: What is Belgium?)

Switzerland

Tom
    $1000 24
(John) Winthrop

Marty
    $1000 25
(Tom: What is the Congo?)
...
(Alex: Congo's on the other side of Africa.)

the Zambezi

MartyTom
    $1000 19
Fall

Triple Stumper
    $1000 22
the Venus fly trap

Marty
    $1000 16
Utah

Triple Stumper
    $1000 30
(Judy: What is the Bolshoi?)
...
(Alex: The Bolshoi's in Moscow, Judy.)

the Kirov

TomJudy

Scores at the end of the Double Jeopardy! Round:

Marty Tom Judy
$8,300 $8,200 $4,300

[wagering suggestions for these scores]

Final Jeopardy! Round responses

HOLIDAYS & OBSERVANCES
JudyWhat is Easter
$3,700
TomWhat is Easter?
$8,200
MartyWhat is Easter?
$8,101
Easter

Final scores:

Marty Tom Judy
$16,401 $16,400 $8,000
3-day champion: $34,202 2nd place: trip on TWA to Honolulu & stay at Pacific Beach Hotel 3rd place: Carey Limousine rides + Nintendo Entertainment System with Super Jeopardy! & Wheel of Fortune & InfoGenius for Game Boy

Game dynamics:

Coryat scores:

Marty Tom Judy
$8,300 $8,200 $4,100
18 R,
2 W
22 R
(including 1 DD),
3 W
(including 1 DD)
15 R
(including 1 DD),
1 W

Combined Coryat: $20,600

[game clues] [game scores] [suggest correction]

Game tape date: 1992-07-27
The J! Archive is created by fans, for fans. Scraping, republication, monetization, and malicious use prohibited; this site may use cookies and collect identifying information. See terms. The Jeopardy! game show and all elements thereof, including but not limited to copyright and trademark thereto, are the property of Jeopardy Productions, Inc. and are protected under law. This website is not affiliated with, sponsored by, or operated by Jeopardy Productions, Inc. Join the discussion at JBoard.tv.